| 000 | 01142nam a2200253 i 4500 | ||
|---|---|---|---|
| 001 | 151941 | ||
| 003 | ES-MaACL | ||
| 005 | 20250911063556.0 | ||
| 008 | 990707s1872 sp af |||| | spa d | ||
| 100 | 1 |
_aBermejo, Ildefonso Antonio, _d1820-1892 _9147880 |
|
| 245 | 1 | 3 |
_aLa estafeta de palacio _b: historia del reinado de Isabel II : cartas trascendentales dirigidas a D. Amadeo / _cpor Ildefonso Antonio Bermejo. |
| 250 | _a2ª ed. | ||
| 260 |
_aMadrid : _b[s.n.], _c1872 ( _fImprenta de R. Labajos) |
||
| 300 |
_a3 v. : _bil. ; _c28 cm. |
||
| 597 | _aT. I. (771 p., [16] h. de grab.) -- T. II. (865 p., [11] h. de grab.) -- T. III. (1086 p., [10] h. de grab.) | ||
| 597 | _aAntep. | ||
| 599 | _aLas h. de grab. litogr., la primera retrato del autor. | ||
| 651 | 4 |
_aEspaña- _xHistoria- _z1833-1840, Regencia de María Cristina de Borbón _98252 |
|
| 651 | 4 |
_aEspaña- _xHistoria- _y1840-1843, Regencia de Espartero. _9167869 |
|
| 651 | 4 |
_aEspaña- _xHistoria- _y1843-1873. _98258 |
|
| 651 | 4 |
_aEspaña- _xHistoria- _y1870-1873, Amadeo I _98261 |
|
| 852 |
_aES-MaACL _jC-412 _z- Enc. hol. _q- Sólo t.I |
||
| 999 |
_c151941 _d151941 |
||